The Oxford Handbook of the Economics of Gamblimng (Record no. 33541)

MARC details
000 -LEADER
fixed length control field 00405nam a22001577a 4500
005 - DATE AND TIME OF LATEST TRANSACTION
control field 20230922123023.0
008 - FIXED-LENGTH DATA ELEMENTS--GENERAL INFORMATION
fixed length control field 230913b |||||||| |||| 00| 0 eng d
020 ## - INTERNATIONAL STANDARD BOOK NUMBER
ISBN 9780199797912
082 ## - DEWEY DECIMAL CLASSIFICATION NUMBER
Classification number 338.47795
Item number OXF
245 ## - TITLE STATEMENT
Title The Oxford Handbook of the Economics of Gamblimng
260 ## - PUBLICATION, DISTRIBUTION, ETC.
Place of Publication USA
Name of publisher, distributor, etc. Oxford Publishing
Date of publication, distribution, etc. 2013
300 ## - PHYSICAL DESCRIPTION
Pages 719
500 ## - GENERAL NOTE
General note Include Index
650 ## - SUBJECT ADDED ENTRY--TOPICAL TERM
Subject / Department Economics
952 ## - LOCATION AND ITEM INFORMATION (KOHA)
-- 0
-- 0
Holdings
Lost status Damaged status Collection code Permanent Location Current Location Shelving Location Date acquired Full Call Number Accession No./Barcode Date last seen item type Koha item type
    Economics/Commerce Superior Information Resource Center (SIRC) Superior University - City Campus Superior Information Resource Center (SIRC) Superior University - City Campus Economics 09/13/2023 338.477 OXF 2013 20426 09/13/2023 BOOK BOOK

Powered by Koha